| 000 | nam a22 a 4500 | ||
|---|---|---|---|
| 999 |
_c375 _d375 |
||
| 003 | AKMAL | ||
| 005 | 20170503152850.0 | ||
| 008 | 170503s1995 my 00 may d | ||
| 020 |
_a9676105198 (kkt.): _cRM 7.50 |
||
| 040 | _aAKMAL | ||
| 082 | 0 | 4 | _a006 PIL |
| 090 |
_a006 _bPIL |
||
| 100 | 1 |
_aPillai, Peter S. _9828 |
|
| 245 | 1 | 0 |
_aWINDOWS 2 / _cPeter S.Pillai |
| 260 |
_aKuala Lumpur : _bUtusan Publications & Distributors , _c1995 |
||
| 300 | _ccm | ||
| 650 |
_aWindows (Computer programs) _9720 |
||
| 650 |
_aMicrosoft Windows (Computer file) _9829 |
||
| 942 |
_2ddc _cBOOK |
||